|
|
|
|
| LEADER |
00804nam a22002172a 4500 |
| 001 |
000285977 |
| 003 |
CZ BrMZK |
| 005 |
20130128122535.0 |
| 007 |
ta |
| 008 |
980105s1975 gw f 000 0 ger d |
| 040 |
|
|
|a BOA001
|b cze
|
| 100 |
1 |
|
|a Hepke, Michael
|4 dis
|
| 245 |
1 |
0 |
|a Information und Lernen:
|b (ein Feldexperiment über die Auswirkungen von unterschiedlichen Informationsmassen auf die Qualität der Gruppenarbeit) /
|c Michael Hepke
|
| 260 |
|
|
|a Münster (Westf.) :
|b M. Hepke,
|c 1975
|
| 300 |
|
|
|a 279 s.
|
| 502 |
|
|
|a Disertace--Universität Münster, Philosophische Fakultät, 1975
|
| 710 |
2 |
|
|a Universität Münster
|7 kn20060323018
|
| 910 |
|
|
|a BOA001
|b 2-0756.551
|
| 990 |
|
|
|a BK
|
| 991 |
|
|
|b 201206
|
| 996 |
7 |
|
|b 2619880595
|c 2-0756.551
|l MZK
|r Sklad / do 1 hodiny
|n 2
|w 000285977
|u 000010
|a 1
|e BOA001
|j MZK50
|s A
|